000 01044cam a2200301 a 4500
001 13971710
003 ARRUPE
005 20150129110456.0
008 040728s2003 za b 000 0 eng
010 _a 2004360481
035 _a(DLC) 2004360481
040 _aDLC
_cDLC
042 _alcode
043 _af-za---
050 0 0 _bSPC HN37.C3.J4.Z94
100 1 _aZulu, Jack Jones.
_914073
245 1 0 _aLeaning against economic winds :
_bZambia's problems with HIPC : research report /
_cby Jack Jones Zulu ; prepared by Jubilee-Zambia/Debt Project ; hosted by JCTR.
260 _aLusaka, Zambia :
_bJubilee-Zambia/Debt Project,
_c[2003]
300 _a11 leaves ;
_c30 cm.
500 _aStencilled
504 _aIncludes bibliographical references (leaf 11).
650 0 _aDebts, External
_zZambia.
_914074
651 0 _aZambia
_xEconomic policy.
_914075
710 2 _aJubilee-Zambia/Debt Project.
_914076
906 _a7
_bcbc
_corigode
_d3
_encip
_f20
_gy-gencatlg
942 _2lcc
_cSPC
999 _c121710
_d121710